[Event "GBR-ch 105th Morning op"]
[Site "Hull"]
[Date "2018.08.03"]
[Round "5"]
[White "Evans, Nicholas Thomas"]
[Black "Ferrie, Peter"]
[Result "1-0"]
[WhiteElo "1885"]
[BlackElo "1515"]
[PlyCount "33"]
[EventDate "2018.07.30"]
[EventType "swiss"]
[EventRounds "5"]
[EventCountry "ENG"]
[SourceTitle "EXT 2019"]
[Source "ChessBase"]
[SourceDate "2018.10.10"]
[SourceVersion "1"]
[SourceVersionDate "2018.10.10"]
[SourceQuality "1"]

1. d4 Nf6 2. Nf3 d6 3. g3 b6 4. Bg2 Bb7 5. 0-0 g6 6. c4 Bg7 7. Nc3 0-0 8. d5 Nbd7 9. Nd4 a6 10. e4 Qe8 11. Re1 e5 12. dxe6 fxe6 13. e5 Bxg2 14. exf6 Bh3 15. fxg7 Rxf2 16. Kxf2 Qf7+ 17. Qf3 1-0

[Event "Tom Weston Major op"]
[Site "Cardiff"]
[Date "2018.03.30"]
[Round "1"]
[White "Evans, Nicholas Thomas"]
[Black "Thomas, Roy"]
[Result "1-0"]
[WhiteElo "1860"]
[BlackElo "1701"]
[PlyCount "73"]
[EventDate "2018.03.30"]
[EventType "swiss"]
[EventRounds "7"]
[EventCountry "WLS"]
[SourceTitle "EXT 2020"]
[Source "ChessBase"]
[SourceDate "2019.10.17"]
[SourceVersion "1"]
[SourceVersionDate "2019.10.17"]
[SourceQuality "1"]

1. d4 f5 2. Nf3 Nf6 3. g3 e6 4. Bg2 Be7 5. 0-0 0-0 6. c4 d6 7. Nc3 Ne4 8. Qc2 d5 9. Ne5 c6 10. f3 Nxc3 11. Qxc3 Nd7 12. Nd3 Nf6 13. Nf2 dxc4 14. Qxc4 Qd5 15. Qc3 Rd8 16. Rd1 Bd7 17. e4 Qb5 18. Nd3 Be8 19. a4 Qb6 20. Be3 Rac8 21. a5 Qb5 22. Bf1 fxe4 23. Nc5 Nd5 24. Qc1 Nxe3 25. Bxb5 Nxd1 26. Be2 Bxc5 27. dxc5 e3 28. Bxd1 Rd2 29. Qc4 Rcd8 30. Be2 Bf7 31. Kf1 R8d5 32. Qf4 h6 33. Qxe3 Rxb2 34. Rd1 Ra2 35. Rxd5 exd5 36. Qe7 Rc2 37. Qd8+ 1-0

[Event "South Wales New Year op-A"]
[Site "Bridgend"]
[Date "2017.01.08"]
[Round "5"]
[White "Evans, Nicholas Thomas"]
[Black "Bevan, Peter M"]
[Result "1/2-1/2"]
[WhiteElo "1847"]
[BlackElo "1944"]
[PlyCount "59"]
[EventDate "2017.01.06"]
[EventType "swiss"]
[EventRounds "5"]
[EventCountry "WLS"]
[SourceTitle "EXT 2019"]
[Source "ChessBase"]
[SourceDate "2018.10.10"]
[SourceVersion "1"]
[SourceVersionDate "2018.10.10"]
[SourceQuality "1"]

1. d4 Nf6 2. Nf3 g6 3. c4 Bg7 4. g3 0-0 5. Bg2 d6 6. 0-0 c6 7. Nc3 Nbd7 8. h3 Qc7 9. e4 e5 10. Be3 exd4 11. Nxd4 a6 12. Qd2 Ne5 13. b3 c5 14. Nc2 Bxh3 15. Bh6 Bxg2 16. Kxg2 b5 17. Rh1 Bxh6 18. Qxh6 Neg4 19. Qh4 h5 20. f3 Qe7 21. fxg4 Qe5 22. Nd5 Qxe4+ 23. Kg1 Nxd5 24. cxd5 Qxc2 25. gxh5 Qc3 26. Rf1 Qd4+ 27. Qxd4 cxd4 28. Rh4 Rac8 29. hxg6 Rc3 30. gxf7+ 1/2-1/2

[Event "WLS-ch 62nd"]
[Site "Cardiff"]
[Date "2016.03.26"]
[Round "3"]
[White "Kelly, Paul J"]
[Black "Evans, Nicholas Thomas"]
[Result "0-1"]
[WhiteElo "1857"]
[BlackElo "1876"]
[PlyCount "156"]
[EventDate "2016.03.25"]
[EventType "swiss"]
[EventRounds "7"]
[EventCountry "WLS"]
[SourceTitle "CBM 171 Extra"]
[Source "ChessBase"]
[SourceDate "2016.04.26"]
[SourceVersion "1"]
[SourceVersionDate "2016.04.26"]
[SourceQuality "1"]

1. e4 e5 2. Nf3 Nc6 3. d4 exd4 4. Bc4 Bc5 5. c3 Nf6 6. cxd4 Bb4+ 7. Bd2 Bxd2+ 8. Nbxd2 d5 9. exd5 Nxd5 10. 0-0 0-0 11. Rc1 Nb6 12. Bb3 Bg4 13. h3 Bh5 14. g4 Bg6 15. Re1 Nxd4 16. Nxd4 Qxd4 17. Rxc7 Rad8 18. Nf1 Qf4 19. Qc1 Qxc1 20. Rexc1 Rc8 21. Ng3 a5 22. a3 Rb8 23. f4 Bd3 24. R1c3 Bb5 25. R3c5 Bc6 26. Rxa5 Rbd8 27. Nf5 Rd3 28. Ne7+ Kh8 29. Nxc6 Rxb3 30. Rxb7 Rc8 31. Nb4 Rxb2 32. Nd3 Rd2 33. Rxb6 Rxd3 34. Rc6 Rb8 35. Rb5 Rbd8 36. a4 h6 37. Kg2 Ra3 38. Rc2 Rxa4 39. f5 Rd3 40. Rb8+ Kh7 41. Rb7 f6 42. Rb1 Raa3 43. Rh1 Rg3+ 44. Kf2 Rxh3 45. Rxh3 Rxh3 46. Rc5 h5 47. gxh5 Kh6 48. Kg2 Ra3 49. Rb5 Kxh5 50. Rb2 Ra5 51. Rf2 Kg5 52. Kg1 Rxf5 53. Rg2+ Kh5 54. Rh2+ Kg6 55. Kg2 Kg5 56. Kg3 Rf4 57. Rh7 g6 58. Ra7 f5 59. Ra6 Rb4 60. Ra3 Re4 61. Kf3 Rh4 62. Ra5 Rh3+ 63. Kg2 Rb3 64. Ra6 Kh5 65. Rf6 Kg5 66. Ra6 f4 67. Kf2 Kf5 68. Rc6 g5 69. Rc8 Kg4 70. Rc2 Rh3 71. Kg1 f3 72. Rc5 Kf4 73. Ra5 g4 74. Rb5 Kg3 75. Rb3 Rh2 76. Ra3 Rb2 77. Ra1 Rg2+ 78. Kh1 Rh2+ 0-1

[Event "GBR-ch 102nd"]
[Site "Coventry"]
[Date "2015.08.03"]
[Round "7"]
[White "Hackner, Oskar A"]
[Black "Evans, Nicholas Thomas"]
[Result "1-0"]
[WhiteElo "2162"]
[BlackElo "1923"]
[PlyCount "63"]
[EventDate "2015.07.27"]
[EventType "swiss"]
[EventRounds "11"]
[EventCountry "ENG"]
[SourceTitle "CBM 167 Extra"]
[Source "ChessBase"]
[SourceDate "2015.09.14"]
[SourceVersion "1"]
[SourceVersionDate "2015.09.14"]
[SourceQuality "1"]

1. d4 d5 2. c4 e6 3. Nc3 c5 4. cxd5 exd5 5. Nf3 Nc6 6. g3 Nf6 7. Bg2 Be7 8. 0-0 0-0 9. Bg5 c4 10. Ne5 Be6 11. Qd2 h6 12. Bf4 Bb4 13. Rad1 Bf5 14. f3 Qa5 15. a3 Be7 16. Nxc6 bxc6 17. e4 Bh7 18. Nxd5 Qd8 19. Nxe7+ Qxe7 20. Rc1 Qe6 21. Qc3 Rab8 22. Rf2 Rb3 23. Qxc4 Qxc4 24. Rxc4 Nh5 25. Bd6 Rd8 26. Rxc6 Nf6 27. Be7 Rdb8 28. Rfc2 Bg6 29. Rc8+ Ne8 30. Bh3 R3b6 31. Bd7 f6 32. d5 1-0

[Event "Glorney Cup"]
[Site "Enfield"]
[Date "2015.07.21"]
[Round "3.6"]
[White "Koehn, Lennart"]
[Black "Evans, Nicholas Thomas"]
[Result "1/2-1/2"]
[WhiteElo "1862"]
[BlackElo "1923"]
[PlyCount "57"]
[EventDate "2015.07.20"]
[EventType "team-schev"]
[EventRounds "6"]
[EventCountry "IRL"]
[SourceTitle "CBM 167 Extra"]
[Source "ChessBase"]
[SourceDate "2015.09.14"]
[SourceVersion "1"]
[SourceVersionDate "2015.09.14"]
[SourceQuality "1"]
[WhiteTeam "Scotland"]
[BlackTeam "Wales"]
[WhiteTeamCountry "SCO"]
[BlackTeamCountry "WLS"]

1. e4 e5 2. Nc3 Nf6 3. g3 d5 4. exd5 Nxd5 5. Bg2 c6 6. Qe2 Be6 7. Nf3 Nb4 8. d3 Nd7 9. 0-0 Bd6 10. Ng5 Qe7 11. Nxe6 Qxe6 12. Ne4 Bc7 13. Be3 Bb6 14. Qd2 Nd5 15. Bxb6 axb6 16. d4 0-0 17. Rfe1 N5f6 18. Nxf6+ Qxf6 19. dxe5 Nxe5 20. Qc3 Rfe8 21. a4 g6 22. f4 Nd7 23. Qxf6 Nxf6 24. b3 Kg7 25. h3 h5 26. Kf2 Nd7 27. Rxe8 Rxe8 28. Rd1 Nc5 29. Rd2 1/2-1/2